000 00912cab a2200253 4500
001 ABS48485
008 090401t1993 xxu||||| |||| 00| 0 eng d
035 _a(Sirsi) u67040
041 _aeng
245 _aLittle green men need legal cover
260 _c1993
350 _a0
490 _aBuilding
_v258(7791) 23 April 1993, 32-33(2)
520 _aProfessional indemnity insurance cover, the wording of terms of engagement and contractual agreements are issues to be considered when appointing environmental consultants to carry out a specific task.
650 _aENVIRONMENTAL CONSULTANTS
650 _aENVIRONMENTAL MANAGEMENT
650 _aInsurance
_96249
650 _aPROFESSIONAL INDEMNITY INSURANCE
650 _aTERMS OF ENGAGEMENT
690 _aENVIRONMENTAL AND LAND CONSULTANCY
690 _aMANAGEMENT-BUSINESS MANAGEMENT-PROFESSIONAL PRACTICE
942 _n0
948 _c04/03/1997
999 _c41925
_d41925